000 00536nam a2200181Ia 4500
999 _c9022
_d9022
003 OSt
005 20201008092645.0
008 190216s9999||||xx |||||||||||||| ||und||
020 _a9788120324022
040 _coclc
082 _a004
_bRAJ/I
100 _aRajaraman, V
_93970
245 0 _aIntroduction To Information Technology /
_cV Rajaraman
260 _bPrentice Hall Of India Pvt Ltd,
_c2008.
_aNew Delhi:
300 _a370p
650 _aInformation Technology
942 _cBK
_2ddc
_h004
_iRAJ/I
_k004
_mRAJ/I